Biblioteca

Martin Buber / Stephen M. Panko (Registro nro. 34225)

Detalles MARC
000 -LÍDER
Campo fijo de descripción fija 003970000a22001570004500
020 ## - NÚMERO INTERNACIONAL NORMALIZADO PARA LIBROS
Número Internacional Normalizado del libro 0-87680-470-9
041 0# - CÓDIGO DE IDIOMA
Código de idioma para texto/pista de sonido o título separado
082 04 - NÚMERO DE CLASIFICACIÓN DECIMAL DEWEY
Número de clasificación G 230.0904 Pan
001 - NÚMERO DE CONTROL
Campo de control 3576
100 1# - ASIENTO PRINCIPAL--NOMBRE PERSONAL
Nombre personal Panko, Stephen M.
245 10 - TÍTULO
Título del Material Martin Buber / Stephen M. Panko
260 ## - PUBLICACIÓN, DISTRIBUCIÓN, ETC. (PIE DE IMPRENTA)
Lugar de publicación, distribución, etc. Waco, TX., USA : Word
300 ## - DESCRIPCIÓN FÍSICA
Extensión 135 Pag
942 ## - TIPO DE MATERIAL (KOHA)
Tipo de Item KOHA Libros General

No hay ítems disponibles.

Biblioteca FUSBC | Teléfono: (57+4) 349 88 10 Ext. 141| WhatsApp (+57) 3005338115 
E-mail: biblioteca@unisbc.edu.co | Calle 76 87-14 Robledo Palenque, Medellín, Colombia

Con tecnología Koha